000 00378nam a2200133 4500
005 20260227093040.0
008 260227b |||||||| |||| 00| 0 eng d
100 _aSelmon A. C
245 _aThe New Health and Longevity
_c/A. C. Selmon
250 _a21st ed
260 _aIndia;
_bOriental Watchman Publishing House;
_c1963
300 _aviii, 421p.ill;
_c20.3cm
942 _2lcc
_n0
_cBK
999 _c179
_d179